| 000 | 00526nam a22001817a 4500 | ||
|---|---|---|---|
| 005 | 20251108164646.0 | ||
| 008 | 250721s1992 xx 000 0 ara d | ||
| 082 | 1 | 4 | _a414.2/ابر |
| 100 | 1 | _aالجعلي، إبراهيم طه أحمد | |
| 245 | 1 | 0 | _aمن روائع البيان في ضوء البلاغة العربية / |
| 264 | 1 |
_aالقاهرة : _c1992. |
|
| 300 | _a271ص | ||
| 650 | 1 | 7 | _aاللغة العربية |
| 650 | 1 | 7 | _aالبلاغة |
| 650 | 1 | 7 | _aالبيان |
| 942 |
_2ddc _cBK |
||
| 999 |
_c11150 _d11150 |
||